000
00255nam a22001217a 4500
008
170508b xxu||||| |||| 00| 0 eng d
041
_a
eng
080
_a
34
100
_a
15
101
_a
JSH
245
_a
JUSTICE AND THE SOCIAL ORDER
942
_2
udc
_c
BK
999
_c
12984
_d
12984